Discovering Statistics using IBM SPSS Statistics (Record no. 4584)

MARC details
005 - DATE AND TIME OF LATEST TRANSACTION
control field 20250623071943.0
020 ## - INTERNATIONAL STANDARD BOOK NUMBER
International Standard Book Number 978-1-4462-4918-5
082 ## - DEWEY DECIMAL CLASSIFICATION NUMBER
Classification number 300.28
100 ## - MAIN ENTRY--PERSONAL NAME
Author name FIELD,Andy
245 ## - TITLE STATEMENT
Title Discovering Statistics using IBM SPSS Statistics
250 ## - EDITION STATEMENT
Edition statement 4th ed
260 ## - PUBLICATION, DISTRIBUTION, ETC.
Place of publication, distribution, etc. London
Name of publisher, distributor, etc. Sage
Date of publication, distribution, etc. 2013
300 ## - PHYSICAL DESCRIPTION
Extent xxxii,915p,;ill,Figure,picture
Other physical details References
Dimensions 27CM.
942 ## - ADDED ENTRY ELEMENTS (KOHA)
Source of classification or shelving scheme Dewey Decimal Classification
Koha item type Books

No items available.